|
|
|
|
| LEADER |
01094nam a2200277 a 4500 |
| 001 |
11391385 |
| 008 |
090514d19901993dcuar0 0 a0eng d |
| 010 |
|
|
|a \\\91656036
|z sn 90001255
|
| 020 |
|
|
|a 0821316419
|
| 020 |
|
|
|a 10148132
|
| 040 |
|
|
|a NSDP
|c NSDP
|d DLC
|d MH
|d InU
|d WaU
|d NST
|d WaU
|d NIC
|d MH
|d MiU
|d MH
|d DLC
|d WaU
|d InU
|
| 082 |
0 |
0 |
|a 363.7/056/05
|2 20
|
| 245 |
0 |
4 |
|a The World Bank and the environment :
|b annual report /
|c The World Bank.
|
| 260 |
|
|
|a Washington, D.C. :
|b The Bank,
|c c1990-1993
|
| 300 |
|
|
|a vi, 102 p. ;
|c 23 cm.
|
| 310 |
|
|
|a Annual
|
| 362 |
0 |
|
|a 1st (fiscal 1990)-fiscal 1993.
|
| 500 |
|
|
|a Subtitle varies.
|
| 541 |
1 |
|
|e 00004100
|
| 650 |
|
0 |
|a Environmental policy
|v Periodicals.
|
| 650 |
|
0 |
|a Environmental protection
|v Periodicals.
|
| 610 |
2 |
0 |
|a World Bank
|v Periodicals.
|
| 710 |
2 |
|
|a World Bank.
|
| 852 |
4 |
|
|a Ayesha Abed Library
|j Generalshelf
|
| 999 |
|
|
|c 711
|d 711
|
| 952 |
|
|
|0 0
|1 0
|2 ddc
|4 0
|6 363_705605000000000_WOR_1990
|7 0
|8 NFIC
|9 654
|a BRACUL
|b BRACUL
|c GEN
|d 2009-05-14
|g 0.00
|l 0
|o 363.705605 WOR
|p 3010004100
|r 2009-05-14
|t 1
|w 2009-05-14
|y BK
|x No price found in the accession register.
|